Celebrities With "C" Names by Picture - Statistics

General Stats
  • This quiz has been taken 191 times
  • The average score is 12 of 19
Answer Stats
Picture Answer % Correct
Charlie Chaplin
94%
Chris Hemsworth
91%
Cristiano Ronaldo
86%
Chris Pratt
84%
Cher
80%
Celine Dion
70%
Chris Evans
70%
Charlie Sheen
69%
Christina Aguilera
68%
Channing Tatum
66%
Charles Darwin
64%
Clint Eastwood
60%
Charlize Theron
59%
Cate Blanchett
54%
Chuck Norris
52%
Christopher Reeve
51%
Chevy Chase
41%
Charles Barkley
37%
Christopher Nolan
25%
No matching quizzes found
Score Distribution
Percent of People with Each Score
Percentile by Number Answered
Your Score History
You have not taken this quiz